| 000 | 00584nam a22001937a 4500 | ||
|---|---|---|---|
| 999 |
_c189960 _d189960 |
||
| 005 | 20220715103903.0 | ||
| 010 | _aENG-133597 | ||
| 020 |
_a9789350290910 _c599.00 |
||
| 035 | _aEN-117129 | ||
| 037 | _bDBAD/PUB | ||
| 082 | _a954.035092 | ||
| 100 | _aShourie, Arun | ||
| 245 |
_aDoes he know a mother's heart? : _cby Arun Shourie _bhow suffering refutes religions / |
||
| 260 |
_c2011 _aNoida _bHarperCollins |
||
| 270 |
_aA-75, Sector-57, _bNoida _e201301 |
||
| 300 |
_c25cm(Hb) _a435p. |
||
| 500 | _aIncludes index | ||
| 942 |
_cEN _2ddc _mSHO _h954.035092 |
||